| 000 | 00761nam a2200229 u 4500 | ||
|---|---|---|---|
| 005 | 20220701133600.0 | ||
| 008 | 101025s2002 r 000 0 eng d | ||
| 020 | _a8476426569 (NAU Llibres) | ||
| 020 | _a8480635282 (Octaedro) | ||
| 035 | _aUPN01000178357 | ||
| 049 | _aCG | ||
| 050 | 4 |
_aPN1997 C3.7 _bP4.5 |
|
| 100 | 1 | _aPedraza, Pilar | |
| 245 | 1 | 3 |
_aLa mujer pantera : _bJacques Tourneur (1942) / _cPilar Pedraza. |
| 260 |
_aValencia, Esp. : _bNAU Llibres : _bOctaedro, _c2002. |
||
| 300 |
_a101 p. : _bil. |
||
| 440 | 0 | _aGuĂas para ver y analizar cine | |
| 650 | 4 |
_aLA MUJER PANTERA (PELICULA CINEMATOGRAFICA) _918725 |
|
| 600 | 1 | 4 |
_aTOURNEUR, JACQUES, _d1904-1977 _918726 |
| 650 | 0 |
_aProductores y directores cinematográficos _9463 |
|
| 905 | _aLibro | ||
| 999 |
_c150460 _d150460 |
||